LEADER 01109cam0-22004091i-450- 001 990007716650403321 005 20080530095102.0 035 $a000771665 035 $aFED01000771665 035 $a(Aleph)000771665FED01 035 $a000771665 100 $a20030814d1974----km-y0itay50------ba 101 0 $aita 102 $aIT 105 $ay-------001cy 200 1 $aSaggio sulle classi sociali$fPaolo Sylos Labini 210 $aRoma ; Bari$cLaterza$d1974 215 $aXVI, 200 p.$d18 cm 225 1 $aSaggi tascabili$v11 676 $a301 676 $a305.5$v21$zita 700 1$aSylos Labini,$bPaolo$0183308 801 0$aIT$bUNINA$gRICA$2UNIMARC 901 $aBK 912 $a990007716650403321 952 $a18-SOC-16$bcomm. 377$fDDCP 952 $a14230 SYL$b6367a/I$fSES 952 $a14230 SYL$b6367c/I$fSES 952 $aP.1 S 63$bIST.FIL.M.1999$fFLFBC 952 $aC 585$bs.i.$fDSS 952 $a305.5 SYL 2$bI.st.r.c. s.i.$fFLFBC 959 $aDDCP 959 $aDSS 959 $aFLFBC 959 $aSES 996 $aSaggio sulle classi sociali$994506 997 $aUNINA LEADER 00937nam0-22002771i-450 001 990005299990403321 005 20220822091303.0 035 $a000529999 035 $aFED01000529999 035 $a(Aleph)000529999FED01 035 $a000529999 100 $a19990604d1975----km-y0itay50------ba 101 0 $afre 105 $ay-------001yy 200 1 $aMouvement oecuménique et religions non chrétiennes$eun débat oecuménique sur la rencontre interreligieuse$ede Tambaran a Uppsala (1938-1968)$fGérard Vallée 210 $aParis$cDesclèe & Cie$aMontrèal$cBellarmin$d1975 215 $a305 p.$d24 cm 225 1 $aRecherches$iThèologie$v14 700 1$aVallèe,$bGérard$0397452 801 0$aIT$bUNINA$gRICA$2UNIMARC 901 $aBK 912 $a990005299990403321 952 $aST.REL. 08-D 14$bST.REL. 879$fFLFBC 959 $aFLFBC 996 $aMouvement oecumènique et religions non chrètiennes$9537160 997 $aUNINA